000 01204nam a2200337 i 4500
001 000013119
003 DO-SdBNP
005 20260401092903.0
007 ta
008 091120s1999 dr a 000 0 spa d
020 _a9993400106
040 _aDO-SdBNP
_bspa
_cBNPHU
_erda
041 _aspa
082 4 _a808.882
_bT853a
_222
100 1 _aTroncoso, Wenceslao,
_d1907-2008
_eautor
_4aut.
_930231
245 1 0 _aAlgo más de lo nuestro /
_cWenceslao Troncoso.
264 4 _aSanto Domingo :
_bCocolo,
_c©1999.
300 _a364 páginas :
_bilustraciones ;
_c23 cm.
336 _atexto
_btxt
_2rdacontent
337 _asin mediación
_bn
_2rdamedia
338 _avolumen
_bnc
_2rdacarrier
500 _aIncluye datos biografícos del autor en la solapa de la cubierta.
590 _aInventariado, 2018/ YL
600 1 4 _aTroncoso, Wenceslao,
_xAnédotas
_y1907-2008
_930232
650 4 _aEnsayos dominicanos
_965
650 4 _aLiteratura dominicana.
_967
651 4 _aRepública Dominicana
_xCaracterísticas nacionales
_xAnécdotas, chistes, sátiras, etc.
_930230
651 4 _aRepública Dominicana
_xVida social y costumbres
_9405
910 _aValidado. Control de calidad MFF
942 _2ddc
_cLBS1
999 _c12761
_d12761